Kvalita a konkurencieschopnosť slovenského vinárskeho priemyslu
Slovenský vinársky priemysel – súčasná situácia a jeho perspektíva. Analýza výsledkov realizovaného prieskumu. Hodnotenie faktorov vplývajúcich na kvalitu produkcie. Realizácia opatrení vplývajúcich na kvalitu produkcie. Implementácia systému manažérstva kvality. Export vína a najvýznamnejší zahrani...
Gespeichert in:
| 1. Verfasser: | |
|---|---|
| Format: | Buchkapitel |
| Sprache: | Slowakisch |
| Schlagworte: | |
| Tags: |
Keine Tags, Fügen Sie das erste Tag hinzu!
|
MARC
| LEADER | 00000naa$a2200000$$$4500 | ||
|---|---|---|---|
| 001 | 0250710 | ||
| 005 | 20240502074023.0 | ||
| 041 | 0 | |a slo | |
| 044 | |a SK | ||
| 245 | 1 | 0 | |a Kvalita a konkurencieschopnosť slovenského vinárskeho priemyslu |c Alica Lacková |
| 520 | |a Slovenský vinársky priemysel – súčasná situácia a jeho perspektíva. Analýza výsledkov realizovaného prieskumu. Hodnotenie faktorov vplývajúcich na kvalitu produkcie. Realizácia opatrení vplývajúcich na kvalitu produkcie. Implementácia systému manažérstva kvality. Export vína a najvýznamnejší zahraničný partner. | ||
| 610 | 2 | 0 | |a priemysel vinársky |
| 610 | 2 | 0 | |a víno |
| 610 | 2 | 0 | |a vinohradníctvo |
| 610 | 2 | 0 | |a výroba |
| 610 | 2 | 0 | |a riadenie kvality |
| 610 | 2 | 0 | |a kvalita výrobkov |
| 610 | 2 | 0 | |a konkurencieschopnosť |
| 610 | 2 | 0 | |a prieskum |
| 610 | 2 | 0 | |a Slovensko |
| 100 | 1 | |a Lacková, Alica | |